Score 0/14 Timer 01:00
0 Plays Today
First Part Linking Word % Correct
_ carolinasouth
68.4%
tissue _box
59.2%
_ ballbasket
42.1%
quiz _master
40.8%
_ paintingoil
32.9%
wolf _pack
31.6%
tv _stand
11.8%
First Part Linking Word % Correct
_netinter
11.8%
_bowsrain
7.9%
taxi _rank
1.3%
wood _shop
1.3%
_ ballgolf
0%
bedroom _suite
0%
_ toastcheese
0%
Remove Ads.
Support Sporcle.
Get the best of Sporcle when you Go Orange. This ad-free experience offers more features, more stats, and more fun while also helping to support Sporcle. Thank you for becoming a member.

You're not logged in!

Compare scores with friends on all Sporcle quizzes.
OR
Log In

Show Comments

Extras

Created Oct 24, 2010ReportNominate
Tags:Linking, Quick

Top Quizzes Today


Score Distribution

Your Account Isn't Verified!

In order to create a playlist on Sporcle, you need to verify the email address you used during registration. Go to your Sporcle Settings to finish the process.

Report this User

Report this user for behavior that violates our Community Guidelines.

Details: